National Health Programmes and Policies (2020-21) (Record no. 1753)

MARC details
000 -LEADER
Fixed length control field 00523nam a2200193Ia 4500
003 - CONTROL NUMBER IDENTIFIER
Control field IIN
005 - DATE AND TIME OF LATEST TRANSACTION
Control field 20250428123446.0
008 - FIXED-LENGTH DATA ELEMENTS--GENERAL INFORMATION
Fixed length control field 250428s9999 xx 000 0 und d
020 ## - INTERNATIONAL STANDARD BOOK NUMBER / ISBN
Price Rs.675.00
International Standard Book Number 9789390619139
040 ## - CATALOGING SOURCE
Original cataloging agency IIN
Language of cataloging English
082 ## - DEWEY DECIMAL CLASSIFICATION NUMBER
Classification number 362
Book Number SON
100 1# - MAIN ENTRY--PERSONAL NAME
Personal name Soni, Samata
245 1# - TITLE STATEMENT
Title National Health Programmes and Policies (2020-21)
Statement of responsibility Samta Soni
260 ## - IMPRINT
Name of publisher CBS
Place of publication New Delhi
Date of publication 2022
300 ## - PHYSICAL DESCRIPTION
Page / Vol. No xxix, 693 p.
650 1# - SUBJECT ADDED ENTRY--TOPICAL TERM
Topical term Community Health Nursing
650 1# - SUBJECT ADDED ENTRY--TOPICAL TERM
Topical term Health Progammes
942 ## - ADDED ENTRY ELEMENTS (KOHA)
Koha item type Books
Holdings
Withdrawn status Lost status Source of classification Damaged status Not for loan Collection code Home library Current library Shelving location Date acquired Total Checkouts Call number Accession number Date last seen Price effective from Koha item type
    Dewey Decimal Classification     Purches Book IDEAL INSTITUTE OF NURSING IDEAL INSTITUTE OF NURSING General Stacks 11/03/2025   362 SON 1906 28/04/2025 28/04/2025 Books
© Ideal Institute Of Nursing, All rights reserved.         Powered by Koha